The divide / (Record no. 13514)
[ view plain ]
| 000 -LEADER | |
|---|---|
| fixed length control field | 02520nam a22003737a 4500 |
| 005 - DATE AND TIME OF LATEST TRANSACTION | |
| control field | 20080807152819.0 |
| 008 - FIXED-LENGTH DATA ELEMENTS--GENERAL INFORMATION | |
| fixed length control field | 080807t xxu||||| |||| 00| 0 eng d |
| 010 ## - LCCN (DPL NO) | |
| LC control number | B-282557-568 |
| 020 ## - INTERNATIONAL STANDARD BOOK NUMBER | |
| International Standard Book Number | 0439543436 |
| Terms of availability | 250.00 |
| 035 ## - SYSTEM CONTROL NUMBER | |
| System control number | B-282557-568 |
| 040 ## - CATALOGING SOURCE | |
| Original cataloging agency | DPL |
| Language of cataloging | EN |
| 082 ## - DEWEY DECIMAL CLASSIFICATION NUMBER | |
| Classification number | N |
| 100 ## - MAIN ENTRY--PERSONAL NAME | |
| Personal name | Kay, Elizabeth |
| 245 ## - TITLE STATEMENT | |
| Title | The divide / |
| Statement of responsibility, etc | by Elizabeth Kay; illustrated by Ted Dewan |
| 260 ## - PUBLICATION, DISTRIBUTION, ETC. (IMPRINT) | |
| Name of publisher, distributor, etc | Chicken House (Trademark of Scholastic Inc.) |
| Date of publication, distribution, etc | 2007(repr.). |
| Place of publication, distribution, etc | New York |
| 270 ## - ADDRESS | |
| Address | 550 A, Pace City-II, Sector - 37, (Vender) |
| City | Gurgaon |
| Postal code | 122004 |
| Telephone number | 2212432 |
| 300 ## - PHYSICAL DESCRIPTION | |
| Extent | 312p. |
| Dimensions | 20 cm (pbk) |
| 700 ## - ADDED ENTRY--PERSONAL NAME | |
| Personal name | Dewan, Ted |
| 942 ## - ADDED ENTRY ELEMENTS (KOHA) | |
| Item type | Children Books |
| Classification part | N |
| Source of classification or shelving scheme | Dewey Decimal Classification |
| Call number suffix | KAY |
| Withdrawn status | Lost status | Damaged status | Not for loan | Collection code | Home library | Current library | Date acquired | Cost, normal purchase price | Total Checkouts | Full call number | Barcode | Date last seen | Copy number | Cost, replacement price | Koha item type | Total Renewals | Source of classification or shelving scheme | Source of acquisition |
|---|---|---|---|---|---|---|---|---|---|---|---|---|---|---|---|---|---|---|
| Fiction | Bagh Kadhe Khan | Bagh Kadhe Khan | 08/08/2008 | 250.00 | N KAY | B-282565 | 15/09/2008 | 1 | 250.00 | Children Books | ||||||||
| Fiction | Bawana | Bawana | 08/08/2008 | 250.00 | 1 | N KAY | B-282567 | 12/03/2025 | 1 | 250.00 | Children Books | 1 | ||||||
| Fiction | Central Library | Central Library | 11/06/2008 | 250.00 | N KAY | B-282557 | 15/09/2008 | 1 | 250.00 | Children Books | ||||||||
| Fiction | Jor Bagh (Children Lib) | Jor Bagh (Children Lib) | 08/08/2008 | 250.00 | 1 | N KAY | B-282562 | 06/12/2018 | 1 | 250.00 | Children Books | |||||||
| Fiction | Karol Bagh | Karol Bagh | 08/08/2008 | 250.00 | N KAY | B-282563 | 15/09/2008 | 1 | 250.00 | Children Books | ||||||||
| Fiction | Kasturba Gandhi Marg | Kasturba Gandhi Marg | 08/08/2008 | 250.00 | 2 | N KAY | B-282559 | 23/07/2025 | 1 | 250.00 | Children Books | |||||||
| Fiction | Narela | Narela | 08/08/2008 | 250.00 | N KAY | B-282566 | 15/09/2008 | 1 | 250.00 | Children Books | ||||||||
| Fiction | New Rohtak Road | New Rohtak Road | 08/08/2008 | 250.00 | N KAY | B-282564 | 15/09/2008 | 1 | 250.00 | Children Books | ||||||||
| Fiction | Patel Nagar | Patel Nagar | 08/08/2008 | 250.00 | 2 | N KAY | B-282558 | 01/12/2023 | 1 | 250.00 | Children Books | 1 | ||||||
| Fiction | Peshwa Road | Peshwa Road | 08/08/2008 | 250.00 | N KAY | B-282560 | 15/09/2008 | 1 | 250.00 | Children Books | ||||||||
| Fiction | Sarojini Nagar | Sarojini Nagar | 08/08/2008 | 250.00 | 2 | N KAY | B-282561 | 18/03/2020 | 1 | 250.00 | Children Books | |||||||
| Fiction | Shahdara Branch | Shahdara Branch | 08/08/2008 | 250.00 | N KAY | B-282568 | 15/09/2008 | 1 | 250.00 | Children Books | ||||||||
| Fiction | Vinoba Puri | Vinoba Puri | 16/09/2008 | 250.00 | 9 | N KAY | B-285435 | 04/09/2023 | 1 | 250.00 | Children Books | Dewey Decimal Classification | Scholastic/TR-A-00265/2.9.08/213/21.7.08/11.9.08 |
